<?xml version="1.0" encoding="UTF-8"?>
<record
    xmlns:xsi="http://www.w3.org/2001/XMLSchema-instance"
    xsi:schemaLocation="http://www.loc.gov/MARC21/slim http://www.loc.gov/standards/marcxml/schema/MARC21slim.xsd"
    xmlns="http://www.loc.gov/MARC21/slim">

  <leader>00208nam a2200085   4500</leader>
  <controlfield tag="001">1232360</controlfield>
  <controlfield tag="005">20250922122850.0</controlfield>
  <datafield tag="245" ind1=" " ind2=" ">
    <subfield code="a">KUD&#xDC;S</subfield>
    <subfield code="c">PRF DR NUH ASLANTA&#x15E; DO&#xC7; DR ELDAR HASANO&#x11E;LU</subfield>
  </datafield>
  <datafield tag="260" ind1=" " ind2=" ">
    <subfield code="b">K&#xDC;LT&#xDC;R A.&#x15E;</subfield>
  </datafield>
  <datafield tag="999" ind1=" " ind2=" ">
    <subfield code="c">1232360</subfield>
    <subfield code="d">1232360</subfield>
  </datafield>
  <datafield tag="952" ind1=" " ind2=" ">
    <subfield code="0">0</subfield>
    <subfield code="1">0</subfield>
    <subfield code="2">ddc</subfield>
    <subfield code="4">0</subfield>
    <subfield code="7">0</subfield>
    <subfield code="a">1033</subfield>
    <subfield code="b">1033</subfield>
    <subfield code="d">2025-09-22</subfield>
    <subfield code="l">0</subfield>
    <subfield code="o">P4</subfield>
    <subfield code="p">10336289</subfield>
    <subfield code="r">2025-09-22 12:29:01</subfield>
    <subfield code="w">2025-09-22</subfield>
    <subfield code="y">BK</subfield>
  </datafield>
</record>
